Notre Dame football ; the T formation.

Bibliographic Details
Main Author: Leahy, Frank, 1908-1973
Format: Book
Language:English
Published: New York, Prentice-Hall, [publisher not identified] ; [1949]
Series:Prentice-Hall books on health and sports.
Subjects:

MARC

Tag First Indicator Second Indicator Subfields
LEADER 00000cam a2200000 4500
001 in00000027317
005 20151007061313.0
008 760405s1949 nyuac 00000 eng u
010 |a  49002554  
035 |a (OCoLC)02094164 
035 |9 AAD1726AM 
040 |c FTU  |d TXA  |d UtOrBLW 
049 |a TXAM  |c [169734] 
050 0 |a GV951.9  |b .L4 
092 |a 796.35  |b L434n 
100 1 |a Leahy, Frank,  |d 1908-1973. 
245 1 0 |a Notre Dame football ;  |b the T formation. 
264 1 |a New York, Prentice-Hall,  |b [publisher not identified] ;  |c [1949] 
264 4 |c [©1949] 
300 |a ix, 244 pages :  |b illustrations, portraits ;  |c 21 cm. 
336 |a text  |b txt  |2 rdacontent 
337 |a unmediated  |b n  |2 rdamedia 
338 |a volume  |b nc  |2 rdacarrier 
490 1 |a Prentice-Hall books on health and sports 
650 0 |a Football. 
740 0 |a T formation . 
830 0 |a Prentice-Hall books on health and sports. 
999 |a MARS 
999 f f |s 08cdac93-44e4-3fdb-9377-0f0328752428  |i 16a6275c-e808-3cdb-802d-d03ea8a394ce  |t 0 
952 f f |p ric  |a Texas A&M University  |b Rellis Campus  |c Joint Library Facility  |d Remote Storage  |t 0  |e GV951.9 .L4  |h Library of Congress classification  |i unmediated -- volume  |m A14801184854 
998 f f |a GV951.9 .L4  |t 0  |l Remote Storage